000 00643cam a2200181 4500
001 WB3743-32
008 011114n2001 000 0 eng u
035 _a(Sirsi) u115602
245 _aNew chairman for RICS Rural Faculty
260 _c2001
490 _aRICS Press Release
_v(144) 13 November 2001, (1)
520 _aJulian Sayers has been elected chairman of the RICS rural faculty. Mr Sayers has been manager for the Lockinge Estate in Oxfordshire since 1995, and has a successful track record of involvement in rural issues.
590 _aWB
650 _aRural
_96268
650 _aCHAIRMAN
690 _aRICS NEWS
942 _n0
999 _c68852
_d68852